000
00264nam a2200109Ia 4500
008
190216s9999||||xx |||||||||||||| ||und||
100
_a
Bradbrook M C
245
0
_a
Shakespeare And Elizabethan Poetry
260
_b
Penguin Books
_c
1956
300
_a
252
942
_c
BK
999
_c
12115
_d
12115